[Event "12. OSIJEK OPEN"]
[Site "Osijek"]
[Date "2019.02.21"]
[Round "1.29"]
[White "Oreskovic, Pero"]
[Black "Topalic, Fran"]
[Result "1/2-1/2"]
[WhiteElo "1892"]
[BlackElo "1504"]
[PlyCount "78"]
[EventDate "2019.02.21"]

1. Nf3 Nf6 2. g3 d5 3. Bg2 Nc6 4. d4 Bf5 5. c3 e6 6. O-O Bd6 7. Nbd2 O-O 8. Nh4
Bg6 9. Nxg6 hxg6 10. e4 dxe4 11. Nxe4 Nxe4 12. Bxe4 Qd7 13. Bg2 Rfd8 14. Bg5
Be7 15. Be3 Rab8 16. b4 Bf6 17. Rc1 a6 18. h4 Ne7 19. h5 gxh5 20. Qxh5 g6 21.
Qf3 Bg7 22. Rfd1 Qd5 23. Qe2 Qd7 24. g4 Nd5 25. Bd2 c6 26. c4 Ne7 27. Be3 Rbc8
28. Rd2 b5 29. Rcd1 Qd6 30. a3 Qd7 31. Bg5 f6 32. Bf4 bxc4 33. Qxc4 Nd5 34. Bg3
Ra8 35. Re2 a5 36. Rde1 Re8 37. Rc1 axb4 38. axb4 Rec8 39. Rce1 Re8 1/2-1/2

[Event "12. OSIJEK OPEN "]
[Site "Osijek"]
[Date "2019.02.21"]
[Round "1.30"]
[White "Borzan, Matej"]
[Black "Fures, Ivica"]
[Result "1-0"]
[WhiteElo "1494"]
[BlackElo "1871"]
[PlyCount "117"]
[EventDate "2019.02.21"]

1. d4 f5 2. c4 e6 3. Nc3 Nf6 4. Nf3 Be7 5. Bf4 O-O 6. e3 d6 7. Be2 a6 8. O-O
Kh8 9. h3 Re8 10. Qb3 Rf8 11. Rac1 Ng8 12. Na4 b6 13. Rfd1 Nd7 14. c5 b5 15.
Nc3 Ndf6 16. Ng5 d5 17. Qa3 Ne4 18. Ngxe4 fxe4 19. Nxb5 Rxf4 20. exf4 Bd7 21.
Nc3 Nh6 22. Qa5 Nf5 23. Na4 e3 24. Bg4 exf2+ 25. Kxf2 Bh4+ 26. Kg1 Ne3 27. Rd3
Nc4 28. Qc3 Bxa4 29. b3 Bc6 30. bxc4 dxc4 31. Re3 Qd5 32. Bf3 Qd7 33. Bxc6 Qxc6
34. Qxc4 Qd5 35. Rxe6 Qh5 36. Rxa6 Rd8 37. Re6 Bf6 38. Re4 Qf5 39. Rce1 h6 40.
g4 Qd7 41. Qd3 Kg8 42. Qc4+ Kf8 43. Rd1 Qc6 44. d5 Qb7 45. c6 Qb6+ 46. Kg2 Qb2+
47. Re2 Qa3 48. Rde1 Bh4 49. Re3 Qd6 50. Rd1 Rb8 51. Qc2 Bf6 52. Qe4 Qc5 53.
Rb3 Ra8 54. Rd2 Qc1 55. Re2 Qa1 56. d6 Bd4 57. Rb1 Qc3 58. d7 Bf6 59. Qe8+ 1-0

[Event "12. OSIJEK OPEN "]
[Site "Osijek"]
[Date "2019.02.21"]
[Round "1.31"]
[White "Benes, Miodrag"]
[Black "Markovic, Marko"]
[Result "1/2-1/2"]
[WhiteElo "1867"]
[BlackElo "1489"]
[PlyCount "154"]
[EventDate "2019.02.21"]

1. Nf3 c5 2. g3 Nc6 3. Bg2 g6 4. d3 Bg7 5. O-O Nf6 6. e4 d6 7. Nbd2 O-O 8. c3
e5 9. a4 a6 10. Nc4 Be6 11. b3 Bxc4 12. bxc4 Rb8 13. Rb1 Na7 14. Be3 Nc6 15.
Qc2 Ng4 16. Bg5 Qa5 17. h3 Nf6 18. Rfd1 Nd7 19. Bf1 b5 20. axb5 axb5 21. cxb5
Rxb5 22. Rxb5 Qxb5 23. d4 Qa5 24. d5 Na7 25. Be7 Re8 26. Bg5 h6 27. Bd2 Rb8 28.
Rb1 Qc7 29. Ba6 Rb6 30. Rxb6 Qxb6 31. Qa4 Nf6 32. Bd3 Kh7 33. Be3 Nc8 34. Nd2
Qb2 35. Qa5 Qb6 36. Qa8 Ne7 37. Nc4 Qc7 38. Qa6 Nc8 39. Qc6 Qxc6 40. dxc6 Ne8
41. Na5 Bf6 42. Ba6 Na7 43. Kf1 Bd8 44. Nb7 Bc7 45. Bc4 Nf6 46. Bd5 Nb5 47. c4
Nc3 48. f3 Kg7 49. Bd2 Ncxd5 50. cxd5 Kf8 51. Ba5 Bxa5 52. Nxa5 Ke7 53. Nc4 Ne8
54. Ke2 Nc7 55. Kd3 Nb5 56. f4 f6 57. h4 Kd8 58. fxe5 fxe5 59. Nxe5 dxe5 60.
Kc4 Nd4 61. Kxc5 Kc7 62. d6+ Kd8 63. Kd5 Kc8 64. c7 Nb5 65. Kxe5 Kd7 66. Kf6
Nxd6 67. e5 Ne4+ 68. Kf7 Kxc7 69. e6 Nd6+ 70. Kxg6 Kd8 71. Kxh6 Ke7 72. g4 Kxe6
73. Kg6 Nc4 74. Kg7 Ne5 75. g5 Nf3 76. h5 Nxg5 77. h6 Nf7 1/2-1/2

[Event "12. OSIJEK OPEN"]
[Site "Osijek"]
[Date "2019.02.21"]
[Round "1.32"]
[White "Perko, Bartol"]
[Black "Turicar, Goran"]
[Result "1/2-1/2"]
[WhiteElo "1445"]
[BlackElo "1866"]
[PlyCount "93"]
[EventDate "2019.02.21"]

1. e4 c5 2. Nf3 e6 3. d4 cxd4 4. Nxd4 a6 5. Bc4 Qc7 6. Bb3 Nf6 7. Nd2 Bc5 8. c3
O-O 9. O-O Nc6 10. N4f3 b5 11. Qe2 d6 12. Bc2 e5 13. Nb3 Ba7 14. Be3 Bg4 15.
Bxa7 Rxa7 16. Rfd1 Ne7 17. Qe3 Raa8 18. Rd2 Rad8 19. a4 Bd7 20. a5 Nc8 21. h3
Bc6 22. Rad1 Rfe8 23. Re2 Bb7 24. Kh2 d5 25. Qc5 Qb8 26. Rde1 dxe4 27. Ng5 Nd6
28. f3 exf3 29. Nxf3 e4 30. Nfd2 Nc4+ 31. Kh1 Nxd2 32. Nxd2 e3 33. Nf3 Bxf3 34.
gxf3 Qg3 35. Rxe3 Qxh3+ 36. Kg1 Rxe3 37. Rxe3 Qg3+ 38. Kf1 Nd5 39. Rd3 Qe5 40.
Bb3 Re8 41. Rxd5 Qe2+ 42. Kg1 Qe1+ 43. Kg2 Re2+ 44. Kh3 Qh1+ 45. Kg4 Qg2+ 46.
Kf4 Qh2+ 47. Kg4 1/2-1/2

[Event "12. OSIJEK OPEN"]
[Site "Osijek"]
[Date "2019.02.21"]
[Round "1.33"]
[White "Masirevic, Miroljub"]
[Black "Juric, Matea"]
[Result "1-0"]
[WhiteElo "1861"]
[BlackElo "1421"]
[PlyCount "115"]
[EventDate "2019.02.21"]

1. e4 e5 2. Nf3 Nc6 3. Bc4 h6 4. d3 Nf6 5. O-O d6 6. h3 Be7 7. Be3 O-O 8. Nc3
Na5 9. Bb3 Nxb3 10. axb3 a6 11. Ne2 Bd7 12. Nh2 d5 13. Ng3 dxe4 14. dxe4 Bb5
15. c4 Qxd1 16. Rfxd1 Bc6 17. f3 Rad8 18. Nf5 Bb4 19. Kf2 Bd7 20. Ng3 Bc6 21.
Ne2 Nh7 22. g4 Ng5 23. h4 Ne6 24. Nc3 Bxc3 25. bxc3 Rxd1 26. Rxd1 Rd8 27. Ke2
Kf8 28. Nf1 Ke8 29. Ng3 a5 30. Nf5 b5 31. Rxd8+ Kxd8 32. cxb5 Bxb5+ 33. c4 Bc6
34. Kd2 Kd7 35. Kc3 Bb7 36. b4 axb4+ 37. Kxb4 Bc6 38. Bd2 f6 39. h5 Bb7 40. Be3
Bc6 41. Nh4 Bb7 42. Ng6 Bc6 43. Bc5 Nxc5 44. Kxc5 Ba4 45. Kb4 Bd1 46. Nh4 Kc6
47. Kc3 Kc5 48. Kd2 Bb3 49. Nf5 Bxc4 50. Nxg7 Kb5 51. Nf5 c5 52. Nxh6 Be6 53.
Nf5 Kb4 54. Kc1 c4 55. Ne3 Kc3 56. Nd5+ Kd3 57. Nxf6 Ke3 58. g5 1-0

[Event "12. OSIJEK OPEN "]
[Site "Osijek"]
[Date "2019.02.21"]
[Round "1.34"]
[White "Dankos, Mislav"]
[Black "Lovakovic, Franjo"]
[Result "0-1"]
[WhiteElo "1362"]
[BlackElo "1859"]
[PlyCount "60"]
[EventDate "2019.02.21"]

1. e4 c5 2. Nf3 d6 3. Nc3 Nf6 4. Bc4 a6 5. a3 b5 6. Ba2 Bb7 7. d3 h6 8. h3 e6
9. O-O Qc7 10. Bd2 Nc6 11. Re1 Rc8 12. Ne2 Be7 13. Ng3 O-O 14. c3 Nd7 15. Qc2
Nce5 16. Nxe5 dxe5 17. c4 b4 18. axb4 cxb4 19. b3 a5 20. Qc1 Nc5 21. Re3 Bg5
22. Rf3 Bxd2 23. Qxd2 f5 24. Re1 Rcd8 25. Ree3 f4 26. Re2 fxg3 27. Rxf8+ Kxf8
28. Re3 gxf2+ 29. Qxf2+ Kg8 30. Rf3 Nxd3 0-1

[Event "12. OSIJEK OPEN "]
[Site "Osijek"]
[Date "2019.02.21"]
[Round "1.35"]
[White "Radiković, Anamarija"]
[Black "Rogulja, Nikola"]
[Result "1-0"]
[WhiteElo "1856"]
[BlackElo "1352"]
[PlyCount "47"]
[EventDate "2019.02.21"]

1. d4 d5 2. Nf3 Nc6 3. Bf4 Bf5 4. c3 Nf6 5. e3 e6 6. Bb5 a6 7. Bxc6+ bxc6 8.
Qa4 Qd7 9. Ne5 Qc8 10. Qxc6+ Kd8 11. Nxf7+ Ke7 12. Nxh8 Bd3 13. Bxc7 Ne8 14.
Qc5+ Kd7 15. Qxf8 Qxc7 16. Qf7+ Kd6 17. Qxc7+ Nxc7 18. Nf7+ Ke7 19. Ne5 Bb5 20.
a4 Be8 21. Nd2 Rb8 22. b4 Kf8 23. O-O Bh5 24. Nd7+ 1-0

[Event "12. OSIJEK OPEN "]
[Site "Osijek"]
[Date "2019.02.21"]
[Round "1.36"]
[White "Pergar, Lovro"]
[Black "Galonja, Igor"]
[Result "0-1"]
[WhiteElo "1347"]
[BlackElo "1856"]
[PlyCount "62"]
[EventDate "2019.02.21"]

1. e4 d5 2. exd5 Nf6 3. Nc3 e5 4. dxe6 Bxe6 5. d4 Bd6 6. Be3 O-O 7. h4 Re8 8.
Be2 Nc6 9. g4 Bd5 10. Nxd5 Nxd5 11. Qd2 Nxe3 12. fxe3 Bg3+ 13. Kd1 Bf2 14. Rh3
Bxg1 15. Bd3 Qf6 16. Rg3 Bf2 17. g5 Qe6 18. Qxf2 Nb4 19. Bb5 c6 20. Ba4 Rad8
21. Bb3 Nd5 22. Bxd5 Rxd5 23. h5 c5 24. c4 Rf5 25. Qg1 Qxc4 26. Kd2 cxd4 27.
Rc1 dxe3+ 28. Qxe3 Qd5+ 29. Qd3 Rf2+ 30. Kc3 Qe5+ 31. Kb3 Qxb2+ 0-1

[Event "12. OSIJEK OPEN "]
[Site "Osijek"]
[Date "2019.02.21"]
[Round "1.37"]
[White "Franc, Borna"]
[Black "Zivkovic, Mihael"]
[Result "1-0"]
[WhiteElo "1851"]
[BlackElo "1195"]
[PlyCount "30"]
[EventDate "2019.02.21"]

1. e4 e5 2. Nf3 Nc6 3. Bc4 Bc5 4. d3 Nf6 5. Bg5 d6 6. Nc3 h6 7. Bh4 g5 8. Bg3
Bg4 9. h3 Bh5 10. Bb5 Qd7 11. Nd5 Nh7 12. Qd2 O-O-O 13. O-O-O a6 14. Bxc6 bxc6
15. Qa5 Kb7 {dalje je nejasno i nepotpuno pisano.} 1-0

[Event "12. OSIJEK OPEN "]
[Site "Osijek"]
[Date "2019.02.21"]
[Round "1.38"]
[White "Juric, Mia Ivona"]
[Black "Jurakic, Lukas"]
[Result "0-1"]
[WhiteElo "1152"]
[BlackElo "1850"]
[PlyCount "66"]
[EventDate "2019.02.21"]

1. e4 c5 2. Nf3 e6 3. d3 Nc6 4. c3 d5 5. exd5 Qxd5 6. c4 Qd8 7. Bf4 g6 8. Nc3
a6 9. Be2 Nf6 10. O-O Bg7 11. Qc1 O-O 12. Rb1 Re8 13. Ne4 Nxe4 14. dxe4 e5 15.
Bg5 f6 16. Rd1 Nd4 17. Nxd4 exd4 18. Bh6 Rxe4 19. Bf3 Re7 20. Bd5+ Be6 21. Bxg7
Kxg7 22. Bxe6 Rxe6 23. b4 b6 24. bxc5 bxc5 25. Rb7+ Re7 26. Rxe7+ Qxe7 27. Re1
Qd6 28. h3 Rd8 29. Re4 Rd7 30. Rg4 d3 31. Qd2 Qe5 32. f4 Qd4+ 33. Kh2 Qe4 0-1

[Event "12. OSIJEK OPEN"]
[Site "Osijek"]
[Date "2019.02.21"]
[Round "1.39"]
[White "Muha, Magdalena"]
[Black "Mandaric, Duje"]
[Result "1-0"]
[WhiteElo "1848"]
[BlackElo "1045"]
[PlyCount "75"]
[EventDate "2019.02.21"]

1. d4 d5 2. c4 e6 3. Nc3 Nf6 4. cxd5 exd5 5. Bg5 Be7 6. e3 O-O 7. Bd3 h6 8. h4
b6 9. Nf3 Bb7 10. Ne5 Ne4 11. Bxe7 Qxe7 12. Qb3 Nd7 13. Bxe4 dxe4 14. Ng6 Qd6
15. Nxf8 Rxf8 16. O-O c5 17. Rfd1 Qg6 18. Qa4 Bc6 19. Qxa7 Qd6 20. dxc5 Qe7 21.
Qc7 Qe6 22. Rd6 Qg4 23. Rxc6 bxc5 24. Rd1 Nf6 25. Rxc5 Ne8 26. Qd7 Qxh4 27. g3
Qf6 28. Rc6 Qg5 29. Rd5 f5 30. Nxe4 Qg4 31. Rc8 Qxe4 32. Rd4 Qb1+ 33. Kg2 Qxb2
34. Rxe8 Rxe8 35. Qxe8+ Kh7 36. Qf7 Qc2 37. e4 fxe4 38. Qf5+ 1-0

[Event "12. OSIJEK OPEN "]
[Site "Osijek"]
[Date "2019.02.21"]
[Round "2.1"]
[White "Grguric, Damir"]
[Black "Ivekovic, Bozidar"]
[Result "0-1"]
[WhiteElo "1986"]
[BlackElo "2369"]
[PlyCount "64"]
[EventDate "2019.02.21"]

1. d4 d5 2. Nf3 Nf6 3. Bg5 Ne4 4. Bf4 e6 5. Nbd2 g5 6. Nxe4 gxf4 7. Ned2 c5 8.
e4 fxe3 9. fxe3 Qb6 10. e4 Bg7 11. exd5 exd5 12. dxc5 Qxb2 13. Rb1 Qc3 14. Bb5+
Nc6 15. O-O Qxc5+ 16. Kh1 O-O 17. Qe1 Qxc2 18. Rb3 Bf5 19. Qg3 Bg6 20. h4 a6
21. Be2 Rfe8 22. Bd1 Qxa2 23. Rxb7 Qa3 24. Bb3 Na5 25. Rb6 Qc5 26. Rxg6 hxg6
27. Ba2 Rad8 28. h5 gxh5 29. Nh4 Qc3 30. Ndf3 Re4 31. Qg5 Qf6 32. Qxh5 Qh6 0-1

[Event "12. OSIJEK OPEN "]
[Site "Osijek"]
[Date "2019.02.21"]
[Round "2.2"]
[White "Trbojevic, Mladen"]
[Black "Mravunac, Branko"]
[Result "1-0"]
[WhiteElo "2351"]
[BlackElo "1990"]
[PlyCount "67"]
[EventDate "2019.02.21"]

1. e4 c5 2. Nf3 Nc6 3. Bb5 d6 4. O-O Bd7 5. c3 a6 6. Bd3 e5 7. Bc2 Bg4 8. h3
Bxf3 9. Qxf3 Qf6 10. Qe2 g5 11. d4 cxd4 12. Nd2 Nge7 13. Nc4 Nc8 14. a4 h5 15.
Bd2 Qg6 16. b4 Be7 17. b5 Nd8 18. cxd4 f6 19. d5 O-O 20. bxa6 bxa6 21. Ne3 Rf7
22. Bd3 Nb7 23. Nf5 Bf8 24. Bxa6 Nc5 25. Bb5 g4 26. hxg4 Qxg4 27. f3 Qg6 28.
Be8 Nb6 29. Bxf7+ Kxf7 30. a5 Nxd5 31. Qc4 Ne6 32. Qxd5 Rd8 33. Rab1 Qg8 34.
Rb7+ 1-0

[Event "12. OSIJEK OPEN"]
[Site "Osijek"]
[Date "2019.02.21"]
[Round "2.3"]
[White "Stocko, Josip"]
[Black "Masirevic, Miroljub"]
[Result "1-0"]
[WhiteElo "2278"]
[BlackElo "1833"]
[PlyCount "53"]
[EventDate "2019.02.21"]

1. e4 c5 2. Nf3 Nc6 3. Bb5 Qc7 4. O-O a6 5. Bxc6 bxc6 6. Re1 e5 7. c3 d6 8. h3
Be7 9. d4 cxd4 10. cxd4 Nf6 11. Nc3 O-O 12. Be3 Rb8 13. b3 Rd8 14. Rc1 exd4 15.
Bxd4 Qa5 16. Qd2 Qh5 17. Qf4 Rb4 18. e5 dxe5 19. Rxe5 Qg6 20. Rxe7 c5 21. Qc7
Rf8 22. Bxc5 Bxh3 23. Qg3 Rg4 24. Qxh3 Nh5 25. Ne5 Qg5 26. Nxg4 Qxc1+ 27. Kh2
1-0

[Event "12. OSIJEK OPEN"]
[Site "Osijek"]
[Date "2019.02.21"]
[Round "2.4"]
[White "Oberman, Hotimir"]
[Black "Matanovic, Luka"]
[Result "0-1"]
[WhiteElo "1951"]
[BlackElo "2251"]
[PlyCount "73"]
[EventDate "2019.02.21"]

1. e4 e5 2. Nf3 Nc6 3. d4 exd4 4. Nxd4 Nf6 5. Nxc6 bxc6 6. e5 Qe7 7. Qe2 Nd5 8.
c4 Nb6 9. Nc3 Qe6 10. Qe4 Bb4 11. Bd2 Bb7 12. a3 Be7 13. O-O-O O-O-O 14. f4 c5
15. f5 Bxe4 16. fxe6 Bg6 17. exd7+ Nxd7 18. Nd5 Rde8 19. Bf4 Bd8 20. Re1 c6 21.
Nc3 Bc7 22. Na4 f6 23. e6 Bxf4+ 24. Kd1 Nb6 25. Nxc5 Rd8+ 26. Ke2 Bh5+ 27. Kf2
Rd2+ 28. Kg1 Be5 29. Rxe5 fxe5 30. h3 Kd8 31. g4 Bg6 32. Bg2 Ke7 33. b3 Kd6 34.
b4 Nxc4 35. Kh2 Ne3 36. Rg1 Nxg2 37. Rxg2 0-1

[Event "12. OSIJEK OPEN "]
[Site "Osijek"]
[Date "2019.02.21"]
[Round "2.5"]
[White "Jusup, Matej"]
[Black "Radikovic, Anamarija"]
[Result "1-0"]
[WhiteElo "2235"]
[BlackElo "1921"]
[PlyCount "127"]
[EventDate "2019.02.21"]

1. d4 Nf6 2. Nf3 g6 3. Bf4 Bg7 4. e3 d6 5. Bc4 O-O 6. O-O Nh5 7. Bg5 h6 8. Bh4
g5 9. Nfd2 Nf4 10. Bg3 Ng6 11. Qh5 e6 12. Bd3 Ne7 13. h4 Nf5 14. Bxf5 exf5 15.
hxg5 Qxg5 16. Qf3 Nc6 17. Bf4 Qg4 18. Nc3 Be6 19. Rac1 Kh7 20. a3 Rg8 21. Rfd1
Ne7 22. Nb5 Qxf3 23. Nxf3 Bc4 24. Nxc7 Rac8 25. Bxd6 Be2 26. Ne1 Bxd1 27. Rxd1
Nc6 28. Bg3 Rgd8 29. Nb5 Bf8 30. c4 a6 31. Nc3 Na5 32. c5 Nb3 33. Nd3 f6 34.
Nf4 Nxc5 35. dxc5 Rxd1+ 36. Nxd1 Bxc5 37. Nd5 Kg7 38. Kf1 Kf7 39. Ke2 Rc6 40.
Bf4 h5 41. g3 Rc8 42. a4 Rh8 43. b4 Be7 44. Nxe7 Kxe7 45. a5 Rc8 46. Kd3 Rd8+
47. Kc2 Rh8 48. Nc3 Kd7 49. Ne2 Ke6 50. Nd4+ Kd5 51. Kb3 Ke4 52. f3+ Kd3 53.
Nxf5 Rc8 54. Nd6 Rc3+ 55. Ka4 Kc2 56. b5 Kb2 57. b6 Rb3 58. Nxb7 Kc3 59. Bd6
Kc4 60. Nd8 Rb1 61. b7 Ra1+ 62. Ba3 Rb1 63. e4 Rb5 64. Bd6 1-0

[Event "12. OSIJEK OPEN "]
[Site "Osijek"]
[Date "2019.02.21"]
[Round "2.6"]
[White "Dubrovic, Mihovil"]
[Black "Ljikar, Zoran"]
[Result "1/2-1/2"]
[WhiteElo "1916"]
[BlackElo "2200"]
[PlyCount "121"]
[EventDate "2019.02.21"]

1. e4 c5 2. Nf3 e6 3. Qe2 Nc6 4. g3 g6 5. Bg2 Bg7 6. O-O d6 7. c3 Nge7 8. Na3
O-O 9. Nc2 e5 10. d3 h6 11. b3 d5 12. exd5 Nxd5 13. Bb2 Re8 14. Rfd1 Nc7 15.
Ne3 Be6 16. Qc2 Rc8 17. Re1 Qd7 18. Rad1 b5 19. Nd2 f5 20. Nef1 Bf7 21. Nf3 Ne6
22. Qb1 a5 23. c4 Ned4 24. Nxd4 Nxd4 25. Bxd4 cxd4 26. cxb5 Qxb5 27. Rc1 Rc3
28. Rxc3 dxc3 29. Qc2 Rd8 30. Qxc3 e4 31. Qc7 Rxd3 32. Qc8+ Kh7 33. Rc1 Qd7 34.
Qxd7 Rxd7 35. Rc5 Ra7 36. g4 fxg4 37. Bxe4 a4 38. Bd5 Bd4 39. Rb5 axb3 40. Bxb3
h5 41. Ne3 Bxb3 42. axb3 Ra1+ 43. Kg2 Ra2 44. Kg1 Re2 45. Rb7+ Kh6 46. Kf1 Rb2
47. Nd1 Rd2 48. Ke1 Ra2 49. b4 Be5 50. b5 Bxh2 51. Rd7 g3 52. fxg3 Bxg3+ 53.
Kf1 h4 54. Rd3 Ra1 55. Kg2 Rb1 56. Rd5 Rb3 57. Rc5 g5 58. Rc6+ Kh5 59. b6 h3+
60. Kxh3 Bc7+ 61. Rc3 1/2-1/2

[Event "12. OSIJEK OPEN "]
[Site "Osijek"]
[Date "2019.02.21"]
[Round "2.7"]
[White "Sasvari, Zelimir"]
[Black "Franc, Borna"]
[Result "1-0"]
[WhiteElo "2215"]
[BlackElo "1755"]
[PlyCount "126"]
[EventDate "2019.02.21"]

1. c4 e5 2. Nc3 Nf6 3. e3 d6 4. g3 Be7 5. Bg2 Nc6 6. Nge2 O-O 7. d3 Bg4 8. h3
Bh5 9. a3 Rb8 10. b4 a6 11. Rb1 Qd7 12. O-O Rfe8 13. Bd2 Bf8 14. Kh2 Bg6 15.
Qc2 Ne7 16. e4 h6 17. Be3 c6 18. Rfd1 Red8 19. Rd2 b5 20. a4 d5 21. cxd5 cxd5
22. Bb6 d4 23. Nd5 Re8 24. Nxf6+ gxf6 25. axb5 Qxb5 26. Bc5 Nc6 27. Bxf8 Rxf8
28. f4 exf4 29. Nxf4 Ne5 30. Qa2 Rfc8 31. Ra1 Ra8 32. Qa5 Qxa5 33. Rxa5 Nc6 34.
Ra4 Ne5 35. b5 a5 36. Rxd4 Rcb8 37. Rd6 Rxb5 38. Ra2 Kg7 39. g4 a4 40. Ra3 Rb2
41. Kg3 Rb4 42. Bf1 Rb3 43. Rxb3 axb3 44. Rb6 Ra1 45. Be2 Rb1 46. Kf2 Nd7 47.
Rb5 Nf8 48. Rb7 Kg8 49. Nd5 b2 50. Nxf6+ Kg7 51. Ne8+ Kg8 52. Nd6 Ne6 53. Nc4
Rh1 54. Rxb2 Rxh3 55. Bf1 Rh2+ 56. Bg2 Nf4 57. Kg3 Rxg2+ 58. Rxg2 Nxg2 59. Kxg2
Kg7 60. Kf3 Kf6 61. Kf4 Ke6 62. Ne3 h5 63. g5 f6 {Oba igraÄxa neÄxitko pisali
poteze} 1-0

[Event "12. OSIJEK OPEN "]
[Site "Osijek"]
[Date "2019.02.21"]
[Round "2.8"]
[White "Borzan, Andrej"]
[Black "Lalic, Kristijan"]
[Result "1/2-1/2"]
[WhiteElo "1831"]
[BlackElo "2191"]
[PlyCount "57"]
[EventDate "2019.02.21"]

1. d4 d6 2. c4 Nf6 3. Nc3 e5 4. d5 Be7 5. e4 O-O 6. Bd3 a5 7. Be3 Ng4 8. Bd2
Bg5 9. f3 Nh6 10. Bxg5 Qxg5 11. Qd2 Qxd2+ 12. Kxd2 Na6 13. g4 Kh8 14. Nge2 Ng8
15. h4 Bd7 16. Rag1 Ne7 17. h5 Nc5 18. Ng3 g5 19. Ra1 c6 20. Bc2 Rfb8 21. a4
Kg8 22. Rhb1 Na6 23. Na2 Nb4 24. Nxb4 axb4 25. b3 f6 26. Rc1 Ra5 27. Bd3 Kf7
28. Nf1 Rc8 29. Rab1 1/2-1/2

[Event "12. OSIJEK OPEN "]
[Site "Osijek"]
[Date "2019.02.21"]
[Round "2.9"]
[White "Horvat, David"]
[Black "Muha, Magdalena"]
[Result "1-0"]
[WhiteElo "2212"]
[BlackElo "1754"]
[PlyCount "49"]
[EventDate "2019.02.21"]

1. e4 e6 2. d4 d5 3. Nc3 Nf6 4. e5 Nfd7 5. f4 c5 6. Nf3 Nc6 7. Be3 a6 8. Qd2 b5
9. dxc5 Bxc5 10. Bd3 Bb7 11. Bf2 Rc8 12. O-O Bb4 13. Rad1 Bxc3 14. bxc3 Qc7 15.
f5 Ndxe5 16. Nxe5 Nxe5 17. fxe6 O-O 18. Bf5 Rce8 19. Bd4 f6 20. Qe3 Nc4 21. Qh3
g6 22. Bxg6 hxg6 23. Bxf6 Qh7 24. e7 Rf7 25. Qd7 1-0

[Event "12. OSIJEK OPEN"]
[Site "Osijek"]
[Date "2019.02.21"]
[Round "2.10"]
[White "Lovakovic, Franjo"]
[Black "Grandic, Zvjezdan"]
[Result "0-1"]
[WhiteElo "1867"]
[BlackElo "2189"]
[PlyCount "36"]
[EventDate "2019.02.21"]

1. e4 d6 2. Nf3 Nf6 3. d4 Nxe4 4. Bd3 Nf6 5. Nc3 g6 6. O-O Bg7 7. Be3 O-O 8.
Qd2 Bg4 9. Be2 c6 10. h3 Bxf3 11. Bxf3 Nbd7 12. Bh6 Bxh6 13. Qxh6 Qb6 14. Qd2
Rad8 15. b4 e5 16. d5 cxd5 17. Bxd5 Qxb4 18. Rab1 Qd4 0-1

[Event "12. OSIJEK OPEN "]
[Site "Osijek"]
[Date "2019.02.21"]
[Round "2.11"]
[White "Galonja, Igor"]
[Black "Cajzler, Hinko"]
[Result "0-1"]
[WhiteElo "1888"]
[BlackElo "2118"]
[PlyCount "154"]
[EventDate "2019.02.21"]

1. d4 f5 2. c4 Nf6 3. Nc3 g6 4. Nf3 Bg7 5. e3 d6 6. Be2 O-O 7. O-O c6 8. h3 Qe8
9. Rb1 a5 10. b3 e5 11. dxe5 dxe5 12. Ba3 Rf7 13. Qd6 Bf8 14. Qxe5 Bxa3 15. Qd4
Ne4 16. Na4 Bf8 17. Rfd1 Nd7 18. c5 Ndxc5 19. Nb6 Ne6 20. Qd3 Rb8 21. Ne5 N6c5
22. Qd4 Bg7 23. Qd8 Re7 24. f4 Nc3 25. Bc4+ Be6 26. Qd6 Bxc4 27. Qxc5 Be2 28.
Qxc3 Bxe5 29. fxe5 Bxd1 30. Rxd1 Rd8 31. Rd4 Rxd4 32. exd4 Qd8 33. Qc5 f4 34.
Nc8 Re6 35. Nd6 Qd7 36. Qc4 b5 37. Qc5 Kg7 38. Ne4 h6 39. Kf2 g5 40. Nd6 Rg6
41. Ne4 Kf7 42. Nd6+ Kg7 43. Ne4 Re6 44. Nd6 h5 45. Ne4 Rg6 46. a3 g4 47. h4
Qf7 48. Ng5 g3+ 49. Ke2 Rxg5 50. hxg5 Qxb3 51. Qxc6 Qe3+ 52. Kd1 Qxd4+ 53. Ke2
Qxe5+ 54. Kd1 Qxg5 55. Qd7+ Kh6 56. Qd4 Kh7 57. Qd7+ Qg7 58. Qf5+ Qg6 59. Qd7+
Kh6 60. Qxb5 Qd6+ 61. Ke2 Qxa3 62. Qc6+ Kg5 63. Qd5+ Kf6 64. Qd4+ Ke6 65. Qe4+
Kd7 66. Qf5+ Kc6 67. Qc8+ Kd5 68. Qf5+ Kc6 69. Qc8+ Kb5 70. Qb7+ Kc4 71. Qc6+
Qc5 72. Qa4+ Qb4 73. Qa2+ Qb3 74. Qxa5 Qe3+ 75. Kd1 Qg1+ 76. Qe1 Qxe1+ 77. Kxe1
Kd3 0-1

[Event "12. OSIJEK OPEN"]
[Site "Osijek"]
[Date "2019.02.21"]
[Round "2.12"]
[White "Jurakic, Lukas"]
[Black "Dabic, Stjepan"]
[Result "0-1"]
[WhiteElo "1880"]
[BlackElo "2003"]
[PlyCount "50"]
[EventDate "2019.02.21"]

1. e4 c5 2. Nf3 d6 3. d4 cxd4 4. Nxd4 Nf6 5. Nc3 g6 6. Be3 Bg7 7. Be2 O-O 8.
Qd2 Nc6 9. O-O-O Bd7 10. f3 Rc8 11. g4 Ne5 12. h4 a6 13. h5 b5 14. Bh6 Bxh6 15.
Qxh6 Rxc3 16. bxc3 Qa5 17. Nf5 Bxf5 18. gxf5 Qxc3 19. Rh2 Rc8 20. Bf1 Qa1+ 21.
Kd2 Nxf3+ 22. Ke2 Rxc2+ 23. Kxf3 Qxd1+ 24. Be2 Rc3+ 25. Kf2 Nxe4+ 0-1

[Event "12. OSIJEK OPEN"]
[Site "Osijek"]
[Date "2019.02.21"]
[Round "2.13"]
[White "Vucenovic, Damian"]
[Black "Cubelic, Milan"]
[Result "1-0"]
[WhiteElo "1633"]
[BlackElo "2108"]
[PlyCount "91"]
[EventDate "2019.02.21"]

1. e4 c6 2. d4 d5 3. exd5 cxd5 4. Bd3 g6 5. Bf4 Nc6 6. c3 Nf6 7. Nd2 Bg7 8. h3
a6 9. Ngf3 Bd7 10. a4 O-O 11. O-O h6 12. Ne5 Nxe5 13. Bxe5 Ne8 14. Re1 Bxe5 15.
dxe5 Ng7 16. Qb3 Bc6 17. e6 f5 18. Nf3 Rf6 19. Nd4 Qd6 20. Qb4 Qd8 21. Rad1 Qe8
22. a5 Kf8 23. c4 dxc4 24. Bxc4 Qc8 25. Nb3 Ne8 26. Rc1 Nd6 27. Bd5 Rb8 28. Qd2
Qe8 29. Bxc6 bxc6 30. Rxc6 Rc8 31. Qxh6+ Kg8 32. Nd4 Rb8 33. Nf3 g5 34. Qxg5+
Rg6 35. Qd2 Rg7 36. Kh2 Qg6 37. Nh4 Qh5 38. g3 Rf8 39. Qf4 Rb8 40. b4 Kh7 41.
Rc7 Rb5 42. Rc5 Rb8 43. Nxf5 Nxf5 44. Rxf5 Qg6 45. Qh4+ Kg8 46. Rh5 1-0

[Event "12. OSIJEK OPEN"]
[Site "Osijek"]
[Date "2019.02.21"]
[Round "2.14"]
[White "Kovacevic, Srecko"]
[Black "Vurdelja, Slavko"]
[Result "0-1"]
[WhiteElo "2068"]
[BlackElo "1840"]
[PlyCount "80"]
[EventDate "2019.02.21"]

1. d4 d5 2. Nf3 Nf6 3. e3 e6 4. Bd3 c5 5. b3 Nc6 6. Bb2 Bd6 7. O-O O-O 8. Nbd2
Re8 9. Ne5 cxd4 10. exd4 Bxe5 11. dxe5 Nd7 12. Qh5 Nf8 13. Rae1 Ne7 14. Nf3
Neg6 15. Bc1 Qc7 16. Nh4 Bd7 17. Nxg6 fxg6 18. Qh4 Qc5 19. Be3 Qc7 20. Bd4 a6
21. Re3 Bb5 22. c3 Bxd3 23. Rxd3 Re7 24. Bb6 Qd7 25. Bc5 Rf7 26. Rh3 Qd8 27.
Qg4 Rf5 28. Bd6 Rc8 29. Qb4 Rf7 30. Rd1 Rc6 31. Rhd3 a5 32. Qd4 Rf5 33. g3 g5
34. b4 axb4 35. cxb4 Rc4 36. Qa7 Qc8 37. R1d2 Nd7 38. Re3 Kf7 39. Qa4 h5 40.
Rxd5 Nb6 0-1

[Event "12. OSIJEK OPEN "]
[Site "Osijek"]
[Date "2019.02.21"]
[Round "2.15"]
[White "Tomasic, Dragutin"]
[Black "Nikic, Patrick"]
[Result "1/2-1/2"]
[WhiteElo "1869"]
[BlackElo "2046"]
[PlyCount "120"]
[EventDate "2019.02.21"]

1. e4 c5 2. Nf3 d6 3. d4 cxd4 4. Nxd4 Nf6 5. Nc3 a6 6. Bg5 e6 7. Qd2 Be7 8.
O-O-O b5 9. f3 O-O 10. g4 b4 11. Nce2 Qa5 12. h4 Bd7 13. Kb1 Rc8 14. Nb3 Qc7
15. Ned4 Nc6 16. Nxc6 Qxc6 17. Bd3 a5 18. e5 Nd5 19. exd6 Bxd6 20. Be4 a4 21.
Nd4 Qb6 22. Bxd5 exd5 23. Rhe1 b3 24. Be7 bxa2+ 25. Kxa2 Rab8 26. c3 Bf4 27.
Qc2 Bb5 28. Nxb5 Qxb5 29. Rd4 Bg3 30. Red1 Re8 31. Rb4 Qc6 32. Rxb8 Bxb8 33.
Ba3 Qc4+ 34. Ka1 Re2 35. Qd3 h5 36. Qxc4 dxc4 37. Rd8+ Kh7 38. Rxb8 hxg4 39.
fxg4 Re4 40. Rb7 f6 41. g5 Kg6 42. gxf6 gxf6 43. Rd7 Rxh4 44. Bc5 f5 45. Bd4 f4
46. Rg7+ Kf5 47. Ka2 f3 48. Rf7+ Ke4 49. Ka3 Rh2 50. Re7+ Kf5 51. Re8 Kg4 52.
Rf8 Re2 53. Rc8 Kg3 54. Rg8+ Kf4 55. Kb4 Rxb2+ 56. Kxc4 a3 57. Kd3 a2 58. Rf8+
Kg3 59. Ra8 f2 60. Bxf2+ Rxf2 1/2-1/2